Statistics for Boyfriend by Justin Bieber Lyrics

Click here to take the quiz!

General Stats

  • This quiz has been taken 5,508 times
  • The average score is 19 of 27

Answer Stats

HintAnswer% Correct
If I was your boyfriend I'd_____ ___ ___ __Never let you go
99%
Spend a week with your ___ I'll be calling you my girlfriendBoy
92%
If I was your ________, never let you goBoyfriend
91%
If I was your ________ I'd never let you goBoyfriend
91%
I've got ______ in my hands that I'd really like to blowMoney
87%
I can ____ ___ ____you ain't never been beforeTake you places
86%
Swag, Swag, Swag __ ___On you
85%
I ___ ____ ____ me but I know about youDon't know about
83%
Keep you on my arm girl, you'd _____ __ _____Never be alone
82%
So say hello to falsetto in three, two ____Swag
81%
___ ___ let me talk to youHey girl
80%
Chillin' by the fire while we eating ______Fondue
79%
I'd like to be _________ ___ ____Everything you want
78%
I can be a _________ anything you wantGentleman
77%
Baby, ____ _ _____ or you'll never ever knowTake a chance
73%
You could be my girlfriend until the w-w-world ____Ends
67%
Tell me what you ____ yeah tell me what you don'tLike
66%
I could be your ____ ________ fly across the globeBuzz Lightyear
61%
Girlfriend, Girlfriend, ___ ______ __ __ GirlfriendYou could be my
60%
So give me a _____Chance
59%
'Cause you're all _ _____ girlI need
56%
If I was your ___ I'd never leave you girlMan
55%
I just want to ____ you and treat you rightLove
49%
I don't ever ______ _____ yeah you already knowWanna Fight
46%
Imma make you _____ _____ like your laying in the snowShine Bright
45%
Make you _____ do a spin and a twirl andDance
38%
Voice going crazy on this hook like a _________Whirlwind
24%

Score Distribution

Percentile by Number Answered

Percent of People with Each Score

Your Score History

You have not taken this quiz